| 000 | 00437nam a2200133 4500 | ||
|---|---|---|---|
| 008 | 161105b xxu||||| |||| 00| 0 eng d | ||
| 020 | _a139780540091515 | ||
| 082 |
_22007 _aDRef 030 _bP54 |
||
| 245 |
_aPhilip's Encyclopedia : _bcomprehensive edition. |
||
| 260 |
_aLondon : _bOctopus Publishing Group, _cc2007. |
||
| 300 |
_a912 pages : _bcolor illustrations ; _c28 cm. |
||
| 650 | 0 |
_916971 _aEncylopedias and dictionaries |
|
| 942 |
_2ddc _cDREF |
||
| 999 |
_c5506 _d5506 |
||